| 000 | 00786nam a2200205Ia 4500 | ||
|---|---|---|---|
| 003 | GCL | ||
| 008 | 140319s9999 xx 000 0 ara d | ||
| 020 | _a0253501977 | ||
| 040 |
_aGCL / _cGCL |
||
| 082 | 0 | 4 |
_aق _b962.031 _bج ق |
| 100 | 1 | _aجميل عبيد | |
| 245 | 1 | 0 |
_aقصة احتلال محمد على لليونان 1824 - 1827 / _cجميل عبيد |
| 260 |
_aالقاهرة : _bالهيئة المصرية العامة للكتاب ، _c1990 |
||
| 300 |
_a175 ص ؛ _c19 سم |
||
| 490 |
_aتاريخ المصريين _v39 |
||
| 650 | 0 | 4 | _aمصر - تاريخ - العصر الحديث - عصر محمد على ( 1805- 1849 م ) |
| 650 | 0 | 4 | _aاليونان - تاريخ |
| 650 | 0 | 4 | _aمصر - تاريخ - العصر الحديث (1805 - 1956 ) |
| 942 |
_2ddc _cBK |
||
| 999 |
_c36312 _d36312 |
||